_Strategic plan 2008/9-2012/3 ministry of planning (Record no. 7261)
[ view plain ]
| 000 -LEADER | |
|---|---|
| fixed length control field | 00330nam a2200109Ia 4500 |
| 008 - FIXED-LENGTH DATA ELEMENTS--GENERAL INFORMATION | |
| fixed length control field | 151021s9999 xx 000 0 und d |
| 245 ## - TITLE STATEMENT | |
| Title | _Strategic plan 2008/9-2012/3 ministry of planning |
| 260 ## - PUBLICATION, DISTRIBUTION, ETC. (IMPRINT) | |
| Place of publication, distribution, etc. | Nairobi ministry of planning 2009 |
| 300 ## - PHYSICAL DESCRIPTION | |
| Extent | vii,57p.;ill |
| 650 ## - SUBJECT ADDED ENTRY--TOPICAL TERM | |
| Topical term or geographic name as entry element | _Strategic plan |
| 980 ## - EQUIVALENCE OR CROSS-REFERENCE-SERIES STATEMENT--PERSONAL NAME/TITLE [LOCAL, CANADA] | |
| Personal name | ^d20110513 10:41:41^oanne |
No items available.